| 000 | 00587nam a22002052 4500 | ||
|---|---|---|---|
| 001 | 0000019162 | ||
| 005 | 20151217152147.0 | ||
| 008 | 101018s xx 000 0 eng d | ||
| 020 | _a0137042868 : | ||
| 040 |
_aKABU _cKABU |
||
| 100 | 1 |
_aCoulter, Mary. _@0000157046 |
|
| 245 | 1 | 0 |
_aStrategic management in action / _cMary Coulter. |
| 250 | _a5th ed. | ||
| 260 |
_aBoston : _bPrentice Hall, _c2010. |
||
| 300 | _axix, 311 p. | ||
| 650 | 0 |
_aStrategic planning. _@0000150576 |
|
| 852 | 1 | _9p4678.70 KES | |
| 908 | _a101018 | ||
| 950 | _@1 | ||
| 999 |
_c8850 _d8850 |
||